| 000 | 01011nam a2200265 i 4500 | ||
|---|---|---|---|
| 001 | 180260 | ||
| 003 | ES-MaACL | ||
| 005 | 20251014063254.0 | ||
| 008 | 120522s1985 sp a |||| | spa d | ||
| 020 | _a84-85887-77-8 | ||
| 080 | _a338(465.22:234:1 Pirineos) | ||
| 080 | _a308(465.22:234.1 Pirineos) | ||
| 100 | 1 |
_aComas d'Argemir, Dolors, _d1951- _9150065 |
|
| 245 | 1 | 0 |
_aAladradas y güellas _b: trabajo, sociedad y cultura en el Pirineo Aragonés / _cDolors Comas d'Argemir, Joan J. Pujadas. |
| 260 |
_a[Barcelona] : _bAnthropos, _c1985. |
||
| 300 |
_a83 p. : _bil. ; _c27 cm. |
||
| 490 | 1 |
_aCuadernos de antropología. Áreas culturales ; _v5 |
|
| 504 | _aBibliografía. | ||
| 651 | 4 |
_aPirineos aragoneses (España)- _xSituación económica. _9150066 |
|
| 651 | 4 |
_aPirineos aragoneses (España)- _xSituación social. _9150067 |
|
| 700 | 1 |
_aPujadas, Joan Josep. _9150068 |
|
| 830 | 0 |
_aCuadernos de antropología _v5 _9224620 |
|
| 852 |
_aES-MaACL _j2313-F-5 |
||
| 999 |
_c180260 _d180260 |
||